00500nam a22001577a 450000500170000001000150001702000260003203500130005803700130007108200100008424500670009426000410016127000900020230000330029270000170032520140618110134.0 aENG-109610 c100.00a9788189941338 aEN-93143 bDBAD/PUB a571.1 aAnimal physiology and biochemistry /cby N. Arumugam...[et al] bSaras Publicationc2013aKanyakumari bKanyakumarie629002a114/35G, A. R. P. Camp Road, Periavilai, Kottar P. O., Nagercoil axiv,362p. c20cm(pbk)  aArumugam, N.